00674nam a2200217Ia 450000500170000000800410001702000200005808200210007810000180009924500810011726000430019830000170024165000240025865000120028265000160029465000140031065000140032494200060033895200970034499900150044120250129054021.0240331s9999 xx 000 0 und d a0805505X (ISSN) bKNU23875a304.2 aKnudsen, A. J 0aLiving with the Commons:bLocal Institutions for Natural Resource Management aBergenbChr. Michelsen Institutec1995 avii, 132 p., aResource Management aEcology aEnvironment aFisheries aTradition cL 001040708LaWERCLbWERCLcSSCd2024-03-31l0o 304.2 KNUp3875r2024-03-31w2024-03-31yL c1485d1485